000 00426nam a22001577a 4500
003 OSt
005 20240419162050.0
008 240419b |||||||| |||| 00| 0 eng d
040 _cMRSPTU
100 _aSharma, Ram Niwas (शर्मा, राम निवास)
245 _aRamayan (रामायण)
250 _a1st
260 _aPunjab
_bDirector Education Department
_c2001
300 _a65
942 _2ddc
_cBK
_n0
999 _c10130
_d10130